The Collected works of Abraham Lincoln / (Record no. 27660)
[ view plain ]
| 000 -LEADER | |
|---|---|
| fixed length control field | 01481cam a2200361 a 4500 |
| 001 - CONTROL NUMBER | |
| control field | 27660 |
| 003 - CONTROL NUMBER IDENTIFIER | |
| rucl marc code | BD-RjUL |
| 005 - DATE AND TIME OF LATEST TRANSACTION | |
| control field | 20211209051203.0 |
| 008 - FIXED-LENGTH DATA ELEMENTS--GENERAL INFORMATION | |
| fixed length control field | 140325s1955 nju b s001 0aeng d |
| 020 ## - INTERNATIONAL STANDARD BOOK NUMBER | |
| International Standard Book Number | 0813515327 |
| 035 ## - SYSTEM CONTROL NUMBER | |
| System control number | (BD-RjUL)27739 |
| 040 ## - CATALOGING SOURCE | |
| Original cataloging agency | DLC |
| Transcribing agency | DLC |
| Modifying agency | DLC |
| -- | BD-RjUL |
| Language of cataloging | eng |
| 041 ## - LANGUAGE CODE | |
| Language code of text/sound track or separate title | eng |
| 051 ## - LIBRARY OF CONGRESS COPY, ISSUE, OFFPRINT STATEMENT | |
| Classification number | E457.91 |
| Item number | 1953 Suppl. 2 Copy 4 |
| Copy information | Another copy. |
| 082 00 - DEWEY DECIMAL CLASSIFICATION NUMBER | |
| Classification number | 973.7092 |
| Edition number | 20 |
| Author mark and year | LIC V-1 1955 |
| 100 1# - MAIN ENTRY--PERSONAL NAME | |
| Personal name | Lincoln, Abraham, |
| Dates associated with a name | 1809-1865. |
| 9 (RLIN) | 84964 |
| 245 14 - TITLE STATEMENT | |
| Title | The Collected works of Abraham Lincoln / |
| Number of part/section of a work | The Abraham Lincoln Association Springfield, Illinons / |
| Statement of responsibility, etc. | Roy P. Basler and Christian O. Basler, editors. |
| Name of part/section of a work | Volume One |
| 260 ## - PUBLICATION, DISTRIBUTION, ETC. (IMPRINT) | |
| Place of publication, distribution, etc. | New Brunswick : |
| Name of publisher, distributor, etc. | Rutgers University Press, |
| Date of publication, distribution, etc. | c1955. |
| 300 ## - PHYSICAL DESCRIPTION | |
| Pagination | xi, 377 p. ; |
| Size | 22 cm. |
| 504 ## - BIBLIOGRAPHY, ETC. NOTE | |
| Bibliography, etc | Includes bibliographical references and index. |
| 600 10 - SUBJECT ADDED ENTRY--PERSONAL NAME | |
| Personal name | Lincoln, Abraham, |
| Dates associated with a name | 1809-1865. |
| 650 #0 - SUBJECT ADDED ENTRY--TOPICAL TERM | |
| Topical term or geographic name as entry element | Presidents |
| Geographic subdivision | United States |
| Form subdivision | Biography. |
| 9 (RLIN) | 84285 |
| 651 #0 - SUBJECT ADDED ENTRY--GEOGRAPHIC NAME | |
| Geographic name | United States |
| General subdivision | Politics and government |
| Chronological subdivision | 1815-1861. |
| 9 (RLIN) | 66250 |
| Geographic name | United States |
| General subdivision | Politics and government |
| Chronological subdivision | 1849-1877. |
| 9 (RLIN) | 84914 |
| 700 1# - ADDED ENTRY--PERSONAL NAME | |
| Personal name | Basler, Roy P. |
| Fuller form of name | (Roy Prentice), |
| Dates associated with a name | 1906-1989. |
| Personal name | Basler, Christian O. |
| 710 2# - ADDED ENTRY--CORPORATE NAME | |
| Corporate name or jurisdiction name as entry element | Alfred Whital Stern Collection of Lincolniana (Library of Congress) |
| Institution to which field applies | DLC |
| 9 (RLIN) | 84917 |
| 856 42 - ELECTRONIC LOCATION AND ACCESS | |
| Materials specified | Publisher description |
| Uniform Resource Identifier | <a href="http://www.loc.gov/catdir/enhancements/fy1306/89024297-d.html">http://www.loc.gov/catdir/enhancements/fy1306/89024297-d.html</a> |
| 942 ## - ADDED ENTRY ELEMENTS (KOHA) | |
| Source of classification or shelving scheme | Dewey Decimal Classification |
| Koha item type | Books |
| Lost status | Source of classification or shelving scheme | Damaged status | Not for loan | Collection code | Permanent Location | Current Location | Shelving location | Date acquired | Source of acquisition | Cost, normal purchase price | Total Checkouts | Full call number | Date last seen | Copy number | Koha item type |
|---|---|---|---|---|---|---|---|---|---|---|---|---|---|---|---|
| Dewey Decimal Classification | Added to bundle | Non-fiction | Central Library, University of Rajshahi | Central Library, University of Rajshahi | Reading Room | 21/09/1955 | B. H. Black Well | 6.25 | 973.7092 LIC V-1 1955 | 25/03/2014 | C-1 | Books |